Taylor Swift 93 - Statistics

General Stats
  • This quiz has been taken 13 times
  • The average score is 241 of 252
Answer Stats
Answer % Correct
a
100%
all
100%
all's
100%
always
100%
and
100%
at
100%
be
100%
been
100%
blue
100%
can
100%
close
100%
end
100%
ends
100%
ever
100%
every
100%
for
100%
forever
100%
gentlemen
100%
go
100%
hand
100%
has
100%
heart's
100%
home
100%
I
100%
I'll
100%
I'm
100%
in
100%
is
100%
I've
100%
jokes
100%
ladies
100%
lover
100%
man
100%
me
100%
my
100%
now
100%
of
100%
oh
100%
on
100%
out
100%
please
100%
save
100%
scar
100%
seat
100%
stand
100%
swear
100%
table
100%
take
100%
that
100%
the
100%
there's
100%
this
100%
to
100%
true
100%
up
100%
want
100%
we
100%
well
100%
where
100%
who
100%
will
100%
with
100%
you
100%
you'll
100%
your
100%
you're
100%
yours
100%
20
86%
about
86%
ah
86%
but
86%
Christmas
86%
darling
86%
dear
86%
dirtiest
86%
force
86%
friends
86%
guitar
86%
have
86%
honey
86%
leave
86%
lights
86%
loved
86%
magnetic
86%
make
86%
or
86%
our
86%
overdramatic
86%
place
86%
seconds
86%
string
86%
summers
86%
three
86%
'til
86%
years
86%
borrowed
71%
call
71%
could
71%
crash
71%
dazzling
71%
'em
71%
everyone
71%
haze
71%
highly
71%
January
71%
known
71%
let
71%
living
71%
mysterious
71%
room
71%
rules
71%
sees
71%
suspicious
71%
way
71%
well
71%
No matching quizzes found
Score Distribution
Percent of People with Each Score
Percentile by Number Answered
Your Score History
You have not taken this quiz